Management theory and practice / (Record no. 18159)
[ view plain ]
| 000 -LEADER | |
|---|---|
| fixed length control field | 00977pam a2200301 a 4500 |
| 001 - CONTROL NUMBER | |
| control field | 015739332 |
| 003 - CONTROL NUMBER IDENTIFIER | |
| control field | OSt |
| 005 - DATE AND TIME OF LATEST TRANSACTION | |
| control field | 20150317125854.0 |
| 008 - FIXED-LENGTH DATA ELEMENTS--GENERAL INFORMATION | |
| fixed length control field | 110121t2011 at ak frbd 001 0 eng d |
| 020 ## - INTERNATIONAL STANDARD BOOK NUMBER | |
| International Standard Book Number | 9781844805068 (pbk.) |
| 020 ## - INTERNATIONAL STANDARD BOOK NUMBER | |
| International Standard Book Number | 1844805069 (pbk.) |
| 040 ## - CATALOGING SOURCE | |
| Original cataloging agency | StDuBDS |
| Language of cataloging | eng |
| Transcribing agency | StDuBDS |
| Modifying agency | Uk |
| 082 00 - DEWEY DECIMAL CLASSIFICATION NUMBER | |
| Classification number | 658 |
| Edition number | 22 |
| Item number | COL |
| 100 1# - MAIN ENTRY--PERSONAL NAME | |
| Personal name | Cole, G. A. |
| Fuller form of name | (Gerald A.) |
| 9 (RLIN) | 35754 |
| 245 10 - TITLE STATEMENT | |
| Title | Management theory and practice / |
| Statement of responsibility, etc | Gerald A. Cole, Phil Kelly. |
| 250 ## - EDITION STATEMENT | |
| Edition statement | 7th ed. |
| 260 ## - PUBLICATION, DISTRIBUTION, ETC. (IMPRINT) | |
| Place of publication, distribution, etc | [Canberra] : |
| Name of publisher, distributor, etc | South-Western Cengage Learning, |
| Date of publication, distribution, etc | c.2011 |
| Place of manufacture | ([Beijing] : |
| Manufacturer | RR Donnelley) |
| 300 ## - PHYSICAL DESCRIPTION | |
| Extent | xvi, 608 p. : |
| Other physical details | forms, tables ; |
| Dimensions | 26 cm. |
| 500 ## - GENERAL NOTE | |
| General note | Includes appendix. |
| 500 ## - GENERAL NOTE | |
| General note | Glossary : p. 587-602. |
| 500 ## - GENERAL NOTE | |
| General note | Index : p. 603-608. |
| 504 ## - BIBLIOGRAPHY, ETC. NOTE | |
| Bibliography, etc | Includes bibliographical references. |
| 650 #0 - SUBJECT ADDED ENTRY--TOPICAL TERM | |
| Topical term or geographic name as entry element | Management |
| 9 (RLIN) | 8041 |
| 653 ## - INDEX TERM--UNCONTROLLED | |
| Resource For college | BAEPS, Business Administration |
| Arrived date list | March2014 |
| -- | March2015 |
| 655 ## - INDEX TERM--GENRE/FORM | |
| Form subdivision | |
| -- | 34232 |
| 700 1# - ADDED ENTRY--PERSONAL NAME | |
| Personal name | Kelly, P. |
| Fuller form of name | (Phil), |
| Dates associated with a name | 1965- |
| 9 (RLIN) | 35755 |
| 942 ## - ADDED ENTRY ELEMENTS (KOHA) | |
| Source of classification or shelving scheme | Dewey Decimal Classification |
| Call number prefix | 658 COL |
| Withdrawn status | Item status | Source of classification or shelving scheme | Damaged status | Not for loan | Vendor | Home library | Current library | Shelving location | Date acquired | Source of acquisition | Cost, normal purchase price | Total Checkouts | Total Renewals | Full call number | Barcode | Date last seen | Date last borrowed | Cost, replacement price | Koha item type |
|---|---|---|---|---|---|---|---|---|---|---|---|---|---|---|---|---|---|---|---|
| Dewey Decimal Classification | Baccah | Central Library | Central Library | First floor | 23/03/2014 | 250.00 | 5 | 5 | 658 COL | 000035790 | 15/07/2025 | 13/03/2018 | 312.50 | Book - Borrowing | |||||
| Dewey Decimal Classification | Baccah | Central Library | Central Library | First floor | 17/03/2015 | 390.00 | 3 | 3 | 658 COL | 000037583 | 15/07/2025 | 17/04/2019 | 488.00 | Book - Borrowing | |||||
| Dewey Decimal Classification | Baccah | Central Library | Central Library | First floor | 17/03/2015 | 390.00 | 3 | 2 | 658 COL | 000037617 | 15/07/2025 | 16/04/2019 | 488.00 | Book - Borrowing |